5000m Mountain Ranges - Statistics

General Stats
  • This quiz has been taken 56 times
  • The average score is 9 of 22
Answer Stats
Continent High Point (m) Range % Correct
Asia 8848 Himalaya
98%
South America 6962 Andes
89%
Mount Everest
70%
Asia 8614 Karakoram/Hindu Kush
65%
Europe 5642 Caucasus
59%
K2
57%
Cerro Aconcagua
52%
Kilimanjaro
50%
North America 6190 Alaska-Yukon Ranges
48%
Denali
48%
Goran Elbrus
43%
Asia 7439 Tien Shan
41%
Damavand
20%
Asia 5610 Iranian Plateau
20%
Mount Ararat
20%
Asia 7556 Tibetan Plateau
20%
Africa 5895 African Rift Ranges
17%
Pico de Orizaba
17%
Pik Pobeda
9%
North America 5636 Sierra Madre
7%
Asia 5137 Anatolia
4%
Gongga Shan
2%
No matching quizzes found
Score Distribution
Percent of People with Each Score
Percentile by Number Answered
Your Score History
You have not taken this quiz